000 00544nam a2200193Ia 4500
008 140626s9999 xx 000 0 und d
100 _aHounchell, Melanie.
245 _aCaring in pediatric emergeny nursing /
_cMelanie Hounchell.
260 _cc2012.
300 _a26 : 3, page 216
440 _aResearch and Theory for Nursing Practice
521 _aNUR
650 _aCaring behavior assessment.
650 _aCaring.
650 _aEmergency nursing.
650 _aPediatrics.
650 _aTheory of human caring.
942 _cSE
999 _c121387
_d121387